00810naa a2200145 i 45000010005000000030009000050050017000140080039000310400021000701000150000912450090002417000128003317000137004597730068005969406KOSZ 00520180328101812.0140512s1994 pl f |000 0 pol cBPKdKOSZ 005/EG1 aPRECHT, Witold.d1973 - 1996.bWyższa Szkoła Inżynierska w Koszalinie - Instytut Inżynierii Materiałowej,cZakład Fizyki Ciała Stałego10aWear and Lifetime of PVD TiN coated Tools /cW. Precht, W. Kacalak, A. Czyżniewski.1 aCZYŻNIEWSKI, Andrzej.bWyższa Szkoła Inżynierska w Koszalinie - Wydział Mechaniczny,cZakład Fizyki d1975 - 1996.1 aKACALAK, Wojciech.bWyższa Szkoła Inżynierska w Koszalinie - Wydział Mechaniczny,cKatedra Mechaniki Precyzyjnejd1970 - 1996.0 iW :tMaterials Science Forum. -g1994, Vol. 163-165, s. 539-544